00729nam a2200217Ia 4500003000900000008004100009020001800050040001600068080001300084100002400097245010200121250001200223260003200235300001600267490002800283650002600311650002200337942000700359999001700366952012800383IN-BaIIA211028s9999 xx 000 0 eng d a0-07-023316-0 cIIA Library a621bGIL aGiles, R. V.928478 0aSchaum's outline of fluid mechanics and hydralicscR. V. Giles  a3rd ed. aNew YorkbMcGraw-Hillc1994 axiii; 362p. aSchaum's Outline Series aFluid Mechanics91513 aHydraulics928479 cBK c15421d15421 00104070aBANbHOScGENd2003-09-11eANJ g350.25l0o621/ GILp16343r2021-11-05v350.25w2003-09-11yBKGRs. 350.25